| 000 | 00793nam a2200253 a 4500 | ||
|---|---|---|---|
| 001 | 14083 | ||
| 003 | BD-JhCC | ||
| 005 | 20240919121607.0 | ||
| 008 | 240919b2006 us a|||| ||a| 001 0 eng d | ||
| 020 | _a0521617332 | ||
| 035 | _a(BD-JhCC)14083 | ||
| 040 |
_aBD-JhCC _dBD-JhCC |
||
| 041 | _aenglish | ||
| 082 |
_a158.7 _bBUR 2006 |
||
| 100 | _aBurton,Richard M. | ||
| 245 |
_aOrganizational design : _ba step-by-step approach / _cRichard M. Burton, Gerardine DeSanctis, Borge Obelm . |
||
| 260 |
_aAmerica: _b Cambridge; _c2006. |
||
| 300 |
_axv, 235 pages. : _billustrations ; _c25 cm. |
||
| 650 |
_a Corporate culture _vCulture d'entreprise _xOrganization _yOrganizational Culture |
||
| 700 | _a DeSanctis,Gerardine | ||
| 700 | _a Obelm, Borge | ||
| 942 |
_2ddc _cBK |
||
| 999 |
_c14083 _d14083 |
||